Introduction to environmental impact assessment : (Record no. 3712)

MARC details
000 -LEADER
fixed length control field 00819cam a2200229 a 4500
008 - FIXED-LENGTH DATA ELEMENTS--GENERAL INFORMATION
fixed length control field 000301s1999 enkab b 001 0 eng
020 ## - INTERNATIONAL STANDARD BOOK NUMBER
ISBN 1841420026 (hardback)
020 ## - INTERNATIONAL STANDARD BOOK NUMBER
ISBN 1857289455 (paperback)
100 1# - MAIN ENTRY--AUTHOR
Author Glasson, John,
245 10 - TITLE STATEMENT
Title Introduction to environmental impact assessment :
Remainder of title principles and procedures, process, practice, and prospects /
Statement of responsibility, etc John Glasson, Riki Therivel, Andrew Chadwick.
250 ## - EDITION STATEMENT
Edition statement 2nd ed.
260 ## - PUBLICATION, DISTRIBUTION, ETC. (IMPRINT)
Place of publication London ;
-- Philadelphia :
Name of publisher UCL Press,
Date of publication 1999.
300 ## - COLLATION
Pagination xix, 496 p. :
Other physical details ill., maps ;
440 #4 - SERIES STATEMENT/ADDED ENTRY--TITLE
Series Title The natural and built environment series
650 #0 - TRACINGS
Main Subject Environmental impact analysis
650 #0 - TRACINGS
Main Subject Environmental impact analysis.
700 1# - ADDITIONAL AUTHOR
Additional Author Therivel, Riki,
700 1# - ADDITIONAL AUTHOR
Additional Author Chadwick, Andrew,
942 ## - ADDED ENTRY ELEMENTS (KOHA)
Item type Books
050 00 - LIBRARY OF CONGRESS CALL NUMBER
Classification number TN194.68
Item number .G53 1999
082 00 - DEWEY DECIMAL CLASSIFICATION NUMBER
Classification number 333.7/14/0941
Holdings
Source of classification or shelving scheme Not for loan Permanent location Current location Date acquired Accession No. Full call number Barcode. Koha item type
Library of Congress Classification   Samuel Ogbemudia Main Library, University of Abuja Samuel Ogbemudia Main Library, University of Abuja 05/29/2025 2023/61126-9 TN194.68.G53 1999 2025-2266 Books
Library of Congress Classification   Samuel Ogbemudia Main Library, University of Abuja Samuel Ogbemudia Main Library, University of Abuja 05/29/2025 2023/61126-9 TN194.68.G53 1999 2025-2267 Books
Library of Congress Classification   Samuel Ogbemudia Main Library, University of Abuja Samuel Ogbemudia Main Library, University of Abuja 05/29/2025 2023/61126-9 TN194.68.G53 1999 2025-2268 Books
Library of Congress Classification   Samuel Ogbemudia Main Library, University of Abuja Samuel Ogbemudia Main Library, University of Abuja 05/29/2025 2023/61126-9 TN194.68.G53 1999 2025-2269 Books